000 00410nam a2200181Ia 4500
001 24072
005 20260414151019.0
008 260414t2004||||xx |||||||||||||| ||spa||
041 _aESP
082 _a759.5
_bT63
100 _aTriadó Tur, Juan Ramón
_eAUT
245 0 _aTiziano
_b
260 _c2004
300 _a96 páginas :
_c33 cm.
650 _aABD
654 _aCAU
942 _cLIB
_dJUS
_fJUS
_2ddc
_n
999 _c24072
_d24072